Car Logos Part 2 (picture click) Quiz Stats

 Plays Quiz not verified by Sporcle

Score 0/32 Timer 04:00
6 Plays Today
% Correct
Honda
86.3%
BMW
85.7%
Audi
84.8%
Lexus
83.4%
Jaguar
82.9%
Mazda
80.7%
Rolls Royce
80%
Mitsubishi
78.9%
Volvo
78.2%
Mustang
77%
Porsche
76.6%
Infiniti
73.3%
Lamborghini
72.6%
Peugeot
71.3%
Fiat
70.8%
Buick
68.9%
% Correct
Lincoln
67.6%
SEAT
67.6%
Maserati
66.1%
Scion
62%
Bugatti
57.3%
Vauxhall
57.2%
Viper
56.9%
Maybach
56.8%
Shelby
51.5%
Lotus
44.9%
Rover
44.3%
Vector Motors
43.4%
Geely
39.3%
Wiesmann
32.4%
Proton
30.5%
Gumpert
29.4%

You're not logged in!

Compare scores with friends on all Sporcle quizzes.
OR
Log In

Sporcle TV

Today on Sporcle TV


Watch our educational content, quiz creation guides, and fun videos on Sporcle TV.

Show Comments

Extras

Top Quizzes Today


Score Distribution

Your Account Isn't Verified!

In order to create a playlist on Sporcle, you need to verify the email address you used during registration. Go to your Sporcle Settings to finish the process.

Report this User

Report this user for behavior that violates our Community Guidelines.

Details: